00699nam a2200205Ia 4500003000900000008004100009020001800050040001600068080001500084110003500099245012400134250001300258260004400271300001100315650003600326650001900362942000700381999001500388952009000403IN-BaIIA211028s9999 xx 000 0 eng d a0-85229-413-1 cIIA Library a031bEBR-4 aEncyclopedia Britannica910946 4aThe New Encyclopaedia Britannica in 30 Volumesbvol. 4, micropaedia, ready reference and IndexcEncyclopedia Britannica a19th ed. aChicagobEncyclopaedia Britannicac1984 a1054p. aEncyclopedia-Micropaedia913698 aNASA Thesaurus cBK c8144d8144 00104070aBANbBANcGENd1985-03-19l0o031/EBR-4p8982r2021-11-05w1985-03-19yBK